000 00587nam a22002177a 4500
003 UA-OsUOA
001 68185
007 ta
008 20100409b un ||||| |||| 00| 0 ukr d
100 _aІваницька А.Г.
090 _a2
_bИ99
942 _cSA
040 _aUA-OsUOA
_bukr
_cUA-OsUOA
_dUA-OsUOA
245 _aПровідна ідея християнського віровчення - спасіння як свобода
300 _aС.29-37
955 _a0
041 _aukr
080 _a2
773 0 _w68183
650 7 _a2 Релігія. Теологія.
_2UDC
999 _c354340
_d354340